| 000 | 00631nam a2200217 4500 | ||
|---|---|---|---|
| 001 | 117268 | ||
| 003 | ES-MaACL | ||
| 005 | 20231002132846.0 | ||
| 007 | t| | ||
| 008 | 071121s1974 cl r ||||1| spa d | ||
| 080 | _a2085-F-23 | ||
| 100 | 1 |
_aPeña Wasaff, Silvia. _990284 |
|
| 245 | 1 | 3 |
_aLa condena condicional en Chile / _cSilvia Peña Wasaff. |
| 260 |
_aValparaíso : _bUniversidad de Chile, _c1974. |
||
| 300 |
_a24 p. ; _c21 cm. |
||
| 710 | 2 |
_aUniversidad de Chile. _97162 |
|
| 852 |
_aES-MaACL _j2085-F-23 _bR.89638 |
||
| 852 |
_aES-MaACL _j2096-F-28/Ej.1 _bR.94857 |
||
| 942 | _2udc | ||
| 999 |
_c117268 _d117268 |
||